Thương mại Việt Nam - Đức trước thềm hiệp định thương mại tự do giữa Việt Nam và Liên minh Châu Ậu (EVFTA): Thực trạng và triển vọng /
Gespeichert in:
| 1. Verfasser: | |
|---|---|
| Weitere Verfasser: | |
| Format: | Artikel |
| Sprache: | Vietnamese |
| Schlagworte: | |
| Tags: |
Tag hinzufügen
Keine Tags, Fügen Sie den ersten Tag hinzu!
|
| Thư viện lưu trữ: | Thư viện Trường Đại học Đà Lạt |
|---|
| LEADER | 00947nam a2200289 4500 | ||
|---|---|---|---|
| 001 | DLU170179313 | ||
| 005 | ##20170322 | ||
| 040 | # | # | |a DLU |b vie |
| 041 | # | # | |a vie |
| 044 | # | # | |a vn |
| 100 | # | # | |a Vũ Thanh Hương. |
| 245 | # | # | |a Thương mại Việt Nam - Đức trước thềm hiệp định thương mại tự do giữa Việt Nam và Liên minh Châu Ậu (EVFTA): Thực trạng và triển vọng / |c Vũ Thanh Hương, Nguyễn Cẩm Nhung |
| 653 | # | # | |a Đức |
| 653 | # | # | |a EVFTA |
| 653 | # | # | |a Kênh phân phối |
| 653 | # | # | |a Thương mại |
| 700 | # | # | |a Nguyễn Cẩm Nhung |
| 773 | # | # | |t Nghiên cứu Châu Âu |g Số 10(181), 2015, tr. 64-74 |
| 920 | # | # | |a Phòng Tạp chí -- Trung tâm Thông tin - Thư viện Trường Đại học Đà Lạt |
| 994 | # | # | |a DLU |
| 900 | # | # | |a True |
| 911 | # | # | |a Nguyễn Thị Tưởng |
| 925 | # | # | |a G |
| 926 | # | # | |a A |
| 927 | # | # | |a BB |
| 980 | # | # | |a Thư viện Trường Đại học Đà Lạt |